Strategies and structures : A basic writing guide

This book reflects our approach to teaching students how to write, based on the following general principles. Writing is partially a creative skill, Writing is learned in small bites. Writing ends with a finished product. Writing, to be meaningful, needs to have practical applications. Applying thes...

Full beskrivning

Sparad:
Bibliografiska uppgifter
Huvudupphovsman: Spangler, Mary S.
Materialtyp: Bok
Språk:Undetermined
Publicerad: New York Holt, Rinehart, and Winston 1989
Ämnen:
Taggar: Lägg till en tagg
Inga taggar, Lägg till första taggen!
Thư viện lưu trữ: Trung tâm Học liệu Trường Đại học Cần Thơ
LEADER 01048nam a2200217Ia 4500
001 CTU_186581
008 210402s9999 xx 000 0 und d
082 |a 808.042 
082 |b S735 
100 |a Spangler, Mary S. 
245 0 |a Strategies and structures : 
245 2 |b A basic writing guide 
245 0 |c Mary S. Spangler, Rita R. Werner 
260 |a New York 
260 |b Holt, Rinehart, and Winston 
260 |c 1989 
520 |a This book reflects our approach to teaching students how to write, based on the following general principles. Writing is partially a creative skill, Writing is learned in small bites. Writing ends with a finished product. Writing, to be meaningful, needs to have practical applications. Applying these four principles, the book enables students to move from the paragraph to the essay with a growing sense of competence an d confidence. 
650 |a English language,Tiếng Anh 
650 |x Rhetoric,Tu từ học 
910 |a Hải 
980 |a Trung tâm Học liệu Trường Đại học Cần Thơ